LEADER 00946nam a2200253 a 4500 001 991000801099707536 008 100715s2005 it 000 0 ita d 020 $a8846466314 035 $ab13913712-39ule_inst 040 $aFacoltà SSPT$bita 082 0 $a305.80 245 10$aVoci di famiglie immigrate /$ca cura di Antonio Marazzi 260 $aMilano :$bAngeli,$c2005 300 $a254 p. ;$c23 cm 440 0$aCollana ISMU ;$v10 500 $aIn cop.: Fondazione ISMU, iniziative e studi sulla multietnicita' 650 4$aImmigrati$xCondizioni economiche e sociali$zItalia$xInchieste 700 1 $aMarazzi, Antonio 907 $a.b13913712$b02-04-14$c15-07-10 912 $a991000801099707536 945 $aLE021 305.80 MAR01.01$g1$i2020000027379$lle021$op$pE20.50$q-$rn$s- $t0$u1$v0$w1$x0$y.i15153836$z15-07-10 996 $aVoci di famiglie immigrate$9226433 997 $aUNISALENTO 998 $ale020$b15-07-10$cm$da $e-$fita$git $h0$i0 LEADER 01048nam0 22002771i 450 001 UON00203307 005 20231205103302.558 010 $a28-7132-181-7 100 $a20030730d1987 |0itac50 ba 101 $afre 102 $aFR 105 $a|||| 1|||| 200 1 $aˆLe ‰carillonneur$fGeorges Rodenbach$gpréface de Werner Lambersy 210 $aBruxelles$cLes Eperonniers$d1987. 325 p. ; 21 cm 410 1$1001UON00172599$12001 $aPassé présent$v55 620 $aBE$dBruxelles$3UONL000128 676 $aB843$cLetteratura belga. Narrativa$v21 700 1$aRODENBACH$bGeorges$3UONV111887$0440180 702 1$aLAMBERSY$bWerner$3UONV121705 712 $aLes Eperonniers$3UONV266020$4650 801 $aIT$bSOL$c20240220$gRICA 899 $aSIBA - SISTEMA BIBLIOTECARIO DI ATENEO$2UONSI 912 $aUON00203307 950 $aSIBA - SISTEMA BIBLIOTECARIO DI ATENEO$dSI Francese 64 P.P 055 $eSI LO 55728 5 055 996 $aCarillonneur$9201221 997 $aUNIOR